00325nam a2200157Ia 4500003000900000008004100009040001300050040001300063041000800076100001000084245003600094300000800130490000600138700001500144710000800159IT-RoPAU120407s9999 xx 000 0 und d aIT-RoPAU cIT-RoPAU aita aBelli aIl fiore della poesia Romanesca c cm v1 aPascarella a…